International Business: The Challenge of Global Competition. (Record no. 1874)

MARC details
005 - DATE AND TIME OF LATEST TRANSACTION
control field 20250501090711.0
020 ## - INTERNATIONAL STANDARD BOOK NUMBER
International Standard Book Number 9780077140878
082 ## - DEWEY DECIMAL CLASSIFICATION NUMBER
Classification number 658.049 GER
100 ## - MAIN ENTRY--PERSONAL NAME
Author name GERINGER, B.
245 ## - TITLE STATEMENT
Title International Business: The Challenge of Global Competition.
250 ## - EDITION STATEMENT
Edition statement 13th Ed.
260 ## - PUBLICATION, DISTRIBUTION, ETC.
Place of publication, distribution, etc. New York,
Name of publisher, distributor, etc. Mcgraw- Hill Irwin,
Date of publication, distribution, etc. 2012.
300 ## - PHYSICAL DESCRIPTION
Extent xxxi, 536p.:Ill.;figures & table
Other physical details Index
Dimensions 27cm.
700 ## - ADDED ENTRY--PERSONAL NAME
Other authors/Editors MINOR, M.
942 ## - ADDED ENTRY ELEMENTS (KOHA)
Source of classification or shelving scheme Dewey Decimal Classification
Koha item type Books
Holdings
Date last seen Total checkouts Full call number Barcode Cost, replacement price Price effective from Koha item type Lost status Source of classification or shelving scheme Damaged status Not for loan Withdrawn status Home library Current library Shelving location Date acquired Cost, normal purchase price
05/01/2025   658.049 GER 0000007334 79800.00 05/01/2025 Books   Dewey Decimal Classification       College of Business Education Main Library College of Business Education Main Library General Collection 07/08/2016 26600.00